Verhandlungen des XXXVIII Internationalen Amerikanistenkongresses : band IV : Open Grid Town Plans in Europe and America, 1500-1520 /

Αποθηκεύτηκε σε:
Λεπτομέρειες βιβλιογραφικής εγγραφής
Κύριος συγγραφέας: Kubler, George (autor)
Συγγραφή απο Οργανισμό/Αρχή: Internationalen Amerikanistenkongresses
Μορφή: Πρακτικό Συνεδρίου Βιβλίο
Γλώσσα:Αγγλικά
Έκδοση: lugar de publicación no identificado : editorial no identificada, 1968
Ετικέτες: Προσθήκη ετικέτας
Δεν υπάρχουν, Καταχωρήστε ετικέτα πρώτοι!

MARC

LEADER 00000nam^a2200000^a^4500
001 000561988
005 20250526000000.0
009 20260310131935.037
037 |a Acervo ITESO - Biblioteca 
041 |a ING 
091 |a FHA. 02946 
100 |a Kubler, George  |e (autor) 
245 1 0 |a Verhandlungen des XXXVIII Internationalen Amerikanistenkongresses :  |b band IV : Open Grid Town Plans in Europe and America, 1500-1520 / 
264 1 |a lugar de publicación no identificado :  |b editorial no identificada,  |c 1968 
300 |a p. 106-122 ;  |c 24.0 cm. 
336 |a texto  |b txt  |2 rdacontenido 
337 |a sin mediación  |b n  |2 rdamedio 
338 |a volumen  |b nc  |2 rdasoporte 
515 |a Inventario familia Hartung: 762 
649 |a XX 
711 |a Internationalen Amerikanistenkongresses (  |n 38o :  |d 1968 :  |c Stuttgart- Munich, Alemania) 
910 |a Fondo Horst Hartung Franz 
920 |a Impresos - Libros 
930 |a Libros Antiguos y Raros 
905 |a 135 
901 |a 0500335476  |b IT2  |c LRA  |i D  |u 20250526 
902 |a https://opac.biblio.iteso.mx/vufind/Record/000561988